| 000 | 00988aam a2200289 i 4500 | ||
|---|---|---|---|
| 001 | 210 | ||
| 003 | CO-MdFUSB | ||
| 005 | 20211120123514.0 | ||
| 008 | 160602t1989 sp g |||| 00| 0 spa d | ||
| 020 | _a84-7645-331-0 | ||
| 040 |
_aCO-MdFUSB _bEspañol _cCO-MdFUSB _dCO-MdFUSB _erda |
||
| 041 | 0 | _aspa | |
| 082 | 0 | 4 | _aR 251.2 S6421c |
| 100 | 1 | _aSmith, James | |
| 245 | 0 | 0 |
_aComentario homilético de la Biblia _c / James Smith |
| 264 | 1 |
_aBarcelona , España _b : CLIE, _c[1989] |
|
| 264 | 4 | _c© 1989 | |
| 300 |
_a404 Pag. _c; |
||
| 336 |
_2rdacontent _atexto _btxt |
||
| 337 |
_2rdamedia _asin mediación _bn |
||
| 338 |
_2rdacarrier _avolumen _bnc |
||
| 505 | _aVol. 1 : Génesis / Mateo. Vol. 2 : Éxodo / Mateo / Marcos. Vol. 3 : Levítico / Números / Marcos / Lucas. Vol. 4 : Deuteronomio / Josué / Jueces / Lucas. Vol. 5 : Rut a 1 Reyes / Lucas. Vol. 6 : 2 Reyes a Ester / Juan | ||
| 653 | _aHomilética | ||
| 653 | _aComentarios | ||
| 942 | _cBK | ||
| 945 | _aEstudiante | ||
| 999 |
_c31747 _d31747 |
||